Tvárou k zemi

Bibliographic Details
Main Author: Redman, Matt (Author)
Other Authors: Stehlíková, Monika (Translator)
Format: Book
Language:Slovak
English
PhysicalDescription:132 s. ilustr. 16 cm
Published: Sabinov Dom Júdov 2005
ISBN:8096873822
Edition:[ 1. ] slov. vyd.
Subjects:

MARC

LEADER 00000nam a2200000 a 4500
001 vtls008627089
003 SK-MaSNL
005 20260301021556.0
008 240314s2005 xo a g 000 0 slo
015 |a SNBA2006/05-02631 
020 |a 8096873822  |q (brož.) 
035 |a 8651A054-C88D-4D9F-BE12-0AF70FF88989 
035 |a urn:nbn:sk:snk-amje6c 
035 |a urn:nbn:sk:snk-am000y4h 
040 |a SNK  |b slo  |c SNK  |e AACR2 
041 1 |a slo  |h eng 
044 |a xo  |c SK 
072 7 |a 27  |x Kresťanstvo. Kresťanská cirkev všeobecne. Ekleziológia  |2 konspekt 
080 |a 27-184.3  |2 2001 
080 |a 27-277.2  |2 2001 
080 |a (048.8)  |2 2001 
080 |a 27-4  |2 2001 
080 |a 27-184  |2 2001 
100 1 |a Redman, Matt  |4 aut  |9 310775 
240 1 0 |a Facedown  |l Slovensky 
245 1 0 |a Tvárou k zemi  |c Matt Redman ; [preklad: Monika Stehlíková] 
250 |a [ 1. ] slov. vyd. 
260 |a Sabinov  |b Dom Júdov  |c 2005 
300 |a 132 s.  |b ilustr.  |c 16 cm 
500 |a Ilustr. tit. strana 
504 |a Pozn. s. 123-130 
650 0 7 |a Boh a človek  |2 SNKPH  |9 1711 
650 0 7 |a kresťanská viera  |2 SNKPH  |9 1712 
650 0 7 |a biblické citáty  |2 SNKPH  |9 1914 
650 0 7 |a kresťanský život  |2 SNKPH  |9 1808 
655 7 |a úvahy  |2 SNKPH  |9 29403 
700 1 |a Stehlíková, Monika  |4 trl  |9 310776 
919 |a 80-968738-2-2 
968 |b ENG  |d 2 
999 |c 565600  |d 567530 
952 |a SNK  |b SNK  |y PREZ  |7 0  |p 17A0499281  |o snkSD 75466  |i snk2006/4466  |8 0  |0 0  |1 0  |4 0  |d 2006-03-01  |l 0  |r 2025-11-24 00:00:00  |w 2026-02-23 
952 |a SNK  |b SNK  |y VYP  |7 0  |p 17A0499280  |o snkSD 75466 D1  |i snk2006/4467  |8 0  |0 0  |1 0  |4 0  |d 2006-03-01  |f 1  |l 0  |r 2017-06-30 00:00:00  |w 2026-02-23